000 00371 a2200169 4500
001 68185
020 _a9788598866574
040 _cAnchieta - Pituba
100 _aLeony, Ticiano
240 1 0 _aSerinhaém
_lpor
245 1 0 _aSerinhaém
300 _a224
362 0 _a2016
440 1 _aEPP Publicações e Publicidade
650 4 _aFicção brasileira
942 _cBK
999 _c68185
_d68185